[Event "XLIV Memoriał Szachowy Ludwika Zamenhofa 2025, Grupa A"]
[Site "Białystok, Poland"]
[Date "2025.12.28"]
[Round "3.8"]
[White "Pidluznij, Gleb"]
[Black "Obolonin, Filipp"]
[Result "1-0"]
[TimeControl "90'+30\""]
[WhiteElo "2411"]
[BlackElo "2103"]

1. d4 {[%clk 01:30:43]} {[%emt 00:00:16]} Nf6 {[%clk 01:30:26]} {[%emt
00:00:35]} 2. Bf4 {[%clk 01:30:53]} {[%emt 00:00:20]} d5 {[%clk 01:30:36]}
{[%emt 00:00:19]} 3. e3 {[%clk 01:31:07]} {[%emt 00:00:16]} c6 {[%clk
01:30:02]} {[%emt 00:01:05]} 4. Nd2 {[%clk 01:24:41]} {[%emt 00:06:55]} g6
{[%clk 01:25:38]} {[%emt 00:04:54]} 5. h3 {[%clk 01:24:48]} {[%emt 00:00:22]}
Bg7 {[%clk 01:26:02]} {[%emt 00:00:07]} 6. Ngf3 {[%clk 01:25:11]} {[%emt
00:00:07]} O-O {[%clk 01:26:15]} {[%emt 00:00:18]} 7. Bd3 {[%clk 01:23:01]}
{[%emt 00:02:39]} c5 {[%clk 01:26:27]} {[%emt 00:00:19]} 8. c3 {[%clk
01:17:24]} {[%emt 00:06:07]} Nc6 {[%clk 01:26:13]} {[%emt 00:00:44]} 9. Ne5
{[%clk 01:16:23]} {[%emt 00:01:30]} Nd7 {[%clk 01:26:08]} {[%emt 00:00:36]} 10.
Nxd7 {[%clk 01:00:01]} {[%emt 00:16:52]} Bxd7 {[%clk 01:25:21]} {[%emt
00:01:16]} 11. dxc5 {[%clk 00:59:31]} {[%emt 00:01:00]} e5 {[%clk 01:25:15]}
{[%emt 00:00:37]} 12. Bh2 {[%clk 00:58:38]} {[%emt 00:01:22]} d4 {[%clk
01:23:05]} {[%emt 00:02:40]} 13. cxd4 {[%clk 00:42:15]} {[%emt 00:16:53]} exd4
{[%clk 01:22:36]} {[%emt 00:01:00]} 14. e4 {[%clk 00:42:37]} {[%emt 00:00:07]}
Qg5 {[%clk 01:22:35]} {[%emt 00:00:31]} 15. Bg3 {[%clk 00:39:36]} {[%emt
00:03:31]} Qxc5 {[%clk 01:22:58]} {[%emt 00:00:08]} 16. O-O {[%clk 00:38:18]}
{[%emt 00:01:48]} Be6 {[%clk 01:20:14]} {[%emt 00:03:14]} 17. a3 {[%clk
00:38:25]} {[%emt 00:00:23]} Ne5 {[%clk 01:20:06]} {[%emt 00:00:38]} 18. Bxe5
{[%clk 00:38:01]} {[%emt 00:00:54]} Bxe5 {[%clk 01:20:22]} {[%emt 00:00:14]} 19.
f4 {[%clk 00:37:32]} {[%emt 00:00:58]} Bg7 {[%clk 01:20:16]} {[%emt 00:00:36]}
20. e5 {[%clk 00:34:29]} {[%emt 00:03:34]} Bd5 {[%clk 01:19:00]} {[%emt
00:01:46]} 21. Qa4 {[%clk 00:27:54]} {[%emt 00:07:05]} f6 {[%clk 01:18:17]}
{[%emt 00:01:13]} 22. exf6 {[%clk 00:25:25]} {[%emt 00:02:58]} Bxf6 {[%clk
01:18:08]} {[%emt 00:00:39]} 23. Rac1 {[%clk 00:23:54]} {[%emt 00:02:01]} Qd6
{[%clk 01:16:32]} {[%emt 00:02:06]} 24. Qb4 {[%clk 00:17:48]} {[%emt 00:06:37]}
Qxb4 {[%clk 01:16:27]} {[%emt 00:00:35]} 25. axb4 {[%clk 00:18:16]} {[%emt
00:00:02]} Rac8 {[%clk 01:15:56]} {[%emt 00:01:02]} 26. g3 {[%clk 00:10:58]}
{[%emt 00:07:47]} Rfe8 {[%clk 01:15:45]} {[%emt 00:00:41]} 27. Kf2 {[%clk
00:10:04]} {[%emt 00:01:24]} Be7 {[%clk 01:15:13]} {[%emt 00:01:02]} 28. Rxc8
{[%clk 00:09:49]} {[%emt 00:00:45]} Rxc8 {[%clk 01:15:37]} {[%emt 00:00:06]} 29.
b5 {[%clk 00:10:09]} {[%emt 00:00:09]} Bb4 {[%clk 01:14:56]} {[%emt 00:01:11]}
30. Nf3 {[%clk 00:09:54]} {[%emt 00:00:44]} Bxf3 {[%clk 01:12:30]} {[%emt
00:02:58]} 31. Kxf3 {[%clk 00:10:22]} {[%emt 00:00:01]} Re8 {[%clk 01:12:26]}
{[%emt 00:00:34]} 32. Be4 {[%clk 00:10:22]} {[%emt 00:00:31]} Re7 {[%clk
01:12:31]} {[%emt 00:00:25]} 33. Rc1 {[%clk 00:10:24]} {[%emt 00:00:27]} Bd2
{[%clk 01:12:07]} {[%emt 00:00:55]} 34. Rc4 {[%clk 00:08:36]} {[%emt 00:02:18]}
Be3 {[%clk 01:12:22]} {[%emt 00:00:15]} 35. h4 {[%clk 00:07:06]} {[%emt
00:01:59]} Rd7 {[%clk 01:12:01]} {[%emt 00:00:51]} 36. Bd3 {[%clk 00:06:43]}
{[%emt 00:00:53]} Kf7 {[%clk 01:12:07]} {[%emt 00:00:25]} 37. Rc5 {[%clk
00:06:55]} {[%emt 00:00:17]} Bd2 {[%clk 01:11:47]} {[%emt 00:00:50]} 38. h5
{[%clk 00:05:44]} {[%emt 00:01:42]} Ba5 {[%clk 01:11:35]} {[%emt 00:00:43]} 39.
Rg5 {[%clk 00:04:56]} {[%emt 00:01:16]} Rd6 {[%clk 01:11:41]} {[%emt 00:00:24]}
40. hxg6+ {[%clk 00:02:42]} {[%emt 00:02:45]} hxg6 {[%clk 01:12:06]} {[%emt
00:00:05]} 41. Bc4+ {[%clk 00:02:08]} {[%emt 00:01:04]} Kf6 {[%clk 01:11:40]}
{[%emt 00:00:56]} 42. Bd3 {[%clk 00:02:18]} {[%emt 00:00:20]} Kf7 {[%clk
01:12:06]} {[%emt 00:00:04]} 43. Rc5 {[%clk 00:02:31]} {[%emt 00:00:17]} Kg7
{[%clk 01:11:52]} {[%emt 00:00:44]} 44. g4 {[%clk 00:01:42]} {[%emt 00:01:19]}
Bb6 {[%clk 01:11:20]} {[%emt 00:01:02]} 45. Re5 {[%clk 00:01:52]} {[%emt
00:00:19]} Bd8 {[%clk 01:11:25]} {[%emt 00:00:25]} 46. g5 {[%clk 00:02:20]}
{[%emt 00:00:02]} Kf8 {[%clk 01:10:15]} {[%emt 00:01:40]} 47. Ke2 {[%clk
00:01:54]} {[%emt 00:00:56]} Kg7 {[%clk 01:08:46]} {[%emt 00:02:00]} 48. Be4
{[%clk 00:01:23]} {[%emt 00:01:01]} d3+ {[%clk 00:59:15]} {[%emt 00:10:01]} 49.
Bxd3 {[%clk 00:00:57]} {[%emt 00:00:56]} a6 {[%clk 00:56:36]} {[%emt 00:03:08]}
50. Be4 {[%clk 00:00:44]} {[%emt 00:00:43]} axb5 {[%clk 00:56:05]} {[%emt
00:01:02]} 51. Rxb5 {[%clk 00:00:55]} {[%emt 00:00:19]} b6 {[%clk 00:55:51]}
{[%emt 00:00:44]} 52. Re5 {[%clk 00:01:11]} {[%emt 00:00:12]} Kf7 {[%clk
00:56:12]} {[%emt 00:00:11]} 53. Bd5+ {[%clk 00:01:20]} {[%emt 00:00:21]} Kf8
{[%clk 00:56:34]} {[%emt 00:00:07]} 54. Be4 {[%clk 00:00:42]} {[%emt 00:01:08]}
Kf7 {[%clk 00:56:57]} {[%emt 00:00:08]} 55. Rb5 {[%clk 00:00:38]} {[%emt
00:00:34]} Bc7 {[%clk 00:55:59]} {[%emt 00:01:28]} 56. Rb4 {[%clk 00:01:00]}
{[%emt 00:00:07]} Rd7 {[%clk 00:55:44]} {[%emt 00:00:46]} 57. Kf3 {[%clk
00:00:53]} {[%emt 00:00:37]} Rd1 {[%clk 00:49:58]} {[%emt 00:06:17]} 58. Rc4
{[%clk 00:01:21]} {[%emt 00:00:01]} Bd6 {[%clk 00:50:08]} {[%emt 00:00:20]} 59.
Ke2 {[%clk 00:01:32]} {[%emt 00:00:18]} Ra1 {[%clk 00:50:03]} {[%emt 00:00:36]}
60. Bxg6+ {[%clk 00:01:03]} {[%emt 00:00:59]} Kxg6 {[%clk 00:46:17]} {[%emt
00:04:16]} 61. Rc6 {[%clk 00:01:31]} {[%emt 00:00:01]} Kf5 {[%clk 00:46:39]}
{[%emt 00:00:09]} 62. Rxd6 {[%clk 00:01:57]} {[%emt 00:00:04]} Kxf4 {[%clk
00:47:04]} {[%emt 00:00:05]} 63. Rxb6 {[%clk 00:00:59]} {[%emt 00:01:29]} Kxg5
{[%clk 00:47:29]} {[%emt 00:00:05]} 64. Kd3 {[%clk 00:01:25]} {[%emt 00:00:03]}
Kf5 {[%clk 00:47:04]} {[%emt 00:00:55]} 65. Kd4 {[%clk 00:01:31]} {[%emt
00:00:23]} Rd1+ {[%clk 00:47:25]} {[%emt 00:00:09]} 66. Kc5 {[%clk 00:01:55]}
{[%emt 00:00:06]} Rc1+ {[%clk 00:45:37]} {[%emt 00:02:18]} 67. Kb5 {[%clk
00:02:19]} {[%emt 00:00:06]} Ke5 {[%clk 00:45:47]} {[%emt 00:00:21]} 68. Rc6
{[%clk 00:02:24]} {[%emt 00:00:25]} Rh1 {[%clk 00:45:37]} {[%emt 00:00:40]} 69.
b4 {[%clk 00:02:43]} {[%emt 00:00:11]} Kd5 {[%clk 00:45:55]} {[%emt 00:00:13]}
70. Kb6 {[%clk 00:02:10]} {[%emt 00:01:02]} Rh8 {[%clk 00:46:11]} {[%emt
00:00:14]} 71. b5 {[%clk 00:02:29]} {[%emt 00:00:10]} Rb8+ {[%clk 00:44:51]}
{[%emt 00:01:51]} 72. Ka6 {[%clk 00:02:51]} {[%emt 00:00:08]} Rh8 {[%clk
00:44:48]} {[%emt 00:00:32]} 73. Rc1 {[%clk 00:03:05]} {[%emt 00:00:16]} Kd6
{[%clk 00:44:03]} {[%emt 00:01:15]} 74. b6 {[%emt 00:01:48]} Kd5 {[%emt
00:00:01]} 1-0

[Event "XLIV Memoriał Szachowy Ludwika Zamenhofa 2025, Grupa A"]
[Site "Białystok, Poland"]
[Date "2025.12.28"]
[Round "3.9"]
[White "Obrycki, Tomasz"]
[Black "Turski, Bartlomiej"]
[Result "1/2-1/2"]
[TimeControl "90'+30\""]
[WhiteElo "2068"]
[BlackElo "2411"]

1. d4 {[%clk 01:30:56]} {[%emt 00:00:04]} Nf6 {[%clk 01:23:22]} {[%emt
00:07:30]} 2. c4 {[%clk 01:31:02]} {[%emt 00:00:33]} e6 {[%clk 01:23:47]}
{[%emt 00:00:05]} 3. Nf3 {[%clk 01:30:53]} {[%emt 00:00:38]} d5 {[%clk
01:24:08]} {[%emt 00:00:09]} 4. g3 {[%clk 01:30:50]} {[%emt 00:00:34]} Bb4+
{[%clk 01:24:13]} {[%emt 00:00:24]} 5. Bd2 {[%clk 01:30:45]} {[%emt 00:00:35]}
Be7 {[%clk 01:24:25]} {[%emt 00:00:19]} 6. Bg2 {[%clk 01:30:34]} {[%emt
00:00:41]} O-O {[%clk 01:24:44]} {[%emt 00:00:10]} 7. Qc2 {[%clk 01:29:00]}
{[%emt 00:02:04]} a6 {[%clk 01:22:09]} {[%emt 00:03:06]} 8. O-O {[%clk
01:22:49]} {[%emt 00:06:41]} dxc4 {[%clk 01:21:57]} {[%emt 00:00:41]} 9. a4
{[%clk 01:18:12]} {[%emt 00:05:08]} Nbd7 {[%clk 01:10:12]} {[%emt 00:12:14]} 10.
Na3 {[%clk 01:12:45]} {[%emt 00:05:57]} c5 {[%clk 00:48:27]} {[%emt 00:22:15]}
1/2-1/2

[Event "XLIV Memoriał Szachowy Ludwika Zamenhofa 2025, Grupa A"]
[Site "Białystok, Poland"]
[Date "2025.12.28"]
[Round "3.10"]
[White "Butkiewicz, Jan"]
[Black "Niedbala, Bartlomiej"]
[Result "1/2-1/2"]
[TimeControl "90'+30\""]
[WhiteElo "2199"]
[BlackElo "2380"]

1. d4 {[%clk 01:30:49]} {[%emt 00:00:10]} Nf6 {[%clk 01:28:03]} {[%emt
00:02:58]} 2. c4 {[%clk 01:31:11]} {[%emt 00:00:08]} g6 {[%clk 01:28:31]}
{[%emt 00:00:02]} 3. Nc3 {[%clk 01:31:16]} {[%emt 00:00:25]} Bg7 {[%clk
01:29:00]} {[%emt 00:00:02]} 4. e4 {[%clk 01:31:16]} {[%emt 00:00:29]} d6
{[%clk 01:29:29]} {[%emt 00:00:02]} 5. Be2 {[%clk 01:27:44]} {[%emt 00:04:01]}
O-O {[%clk 01:25:44]} {[%emt 00:04:06]} 6. Nf3 {[%clk 01:24:03]} {[%emt
00:04:20]} Na6 {[%clk 01:25:19]} {[%emt 00:00:55]} 7. O-O {[%clk 01:24:12]}
{[%emt 00:00:21]} e5 {[%clk 01:25:37]} {[%emt 00:00:11]} 8. Be3 {[%clk
01:23:23]} {[%emt 00:01:18]} Qe7 {[%clk 01:24:06]} {[%emt 00:02:02]} 9. d5
{[%clk 01:21:48]} {[%emt 00:02:06]} Ng4 {[%clk 01:23:50]} {[%emt 00:00:47]} 10.
Bg5 {[%clk 01:20:16]} {[%emt 00:01:58]} f6 {[%clk 01:15:07]} {[%emt 00:09:16]}
11. Bh4 {[%clk 01:20:14]} {[%emt 00:00:31]} Nh6 {[%clk 01:08:06]} {[%emt
00:07:31]} 12. Qc1 {[%clk 01:14:01]} {[%emt 00:06:43]} Nf7 {[%clk 01:00:12]}
{[%emt 00:08:25]} 13. Nd2 {[%clk 01:13:37]} {[%emt 00:00:54]} Bh6 {[%clk
00:57:06]} {[%emt 00:03:35]} 14. Rb1 {[%clk 01:11:24]} {[%emt 00:02:44]} Bg5
{[%clk 00:52:07]} {[%emt 00:05:29]} 15. Bg3 {[%clk 01:02:34]} {[%emt 00:09:20]}
f5 {[%clk 00:50:30]} {[%emt 00:02:07]} 16. f3 {[%clk 00:53:56]} {[%emt
00:09:08]} Be3+ {[%clk 00:41:53]} {[%emt 00:09:04]} 17. Bf2 {[%clk 00:54:12]}
{[%emt 00:00:16]} Qg5 {[%clk 00:40:03]} {[%emt 00:02:19]} 18. Bxe3 {[%clk
00:53:22]} {[%emt 00:01:21]} Qxe3+ {[%clk 00:40:31]} {[%emt 00:00:02]} 19. Rf2
{[%clk 00:52:57]} {[%emt 00:00:56]} fxe4 {[%clk 00:36:22]} {[%emt 00:04:38]} 20.
Ndxe4 {[%clk 00:51:28]} {[%emt 00:02:00]} Qxc1+ {[%clk 00:34:12]} {[%emt
00:02:40]} 21. Rxc1 {[%clk 00:51:55]} {[%emt 00:00:03]} Bf5 {[%clk 00:28:50]}
{[%emt 00:05:51]} 22. a3 {[%clk 00:50:03]} {[%emt 00:02:22]} Bxe4 {[%clk
00:28:13]} {[%emt 00:01:08]} 23. Nxe4 {[%clk 00:50:20]} {[%emt 00:00:13]} Nc5
{[%clk 00:26:31]} {[%emt 00:02:13]} 24. Nxc5 {[%clk 00:48:41]} {[%emt
00:02:08]} dxc5 {[%clk 00:26:59]} {[%emt 00:00:01]} 25. b4 {[%clk 00:48:37]}
{[%emt 00:00:35]} b6 {[%clk 00:27:19]} {[%emt 00:00:10]} 26. Bd3 {[%clk
00:46:23]} {[%emt 00:02:44]} Kg7 {[%clk 00:26:16]} {[%emt 00:01:32]} 27. Re2
{[%clk 00:42:56]} {[%emt 00:03:58]} Kf6 {[%clk 00:22:38]} {[%emt 00:04:06]} 28.
g3 {[%clk 00:40:16]} {[%emt 00:03:12]} Rfe8 {[%clk 00:18:47]} {[%emt 00:04:20]}
29. Kg2 {[%clk 00:40:20]} {[%emt 00:00:27]} Nd6 {[%clk 00:18:33]} {[%emt
00:00:44]} 30. h4 {[%clk 00:30:57]} {[%emt 00:09:53]} a5 {[%clk 00:16:18]}
{[%emt 00:02:45]} 31. b5 {[%clk 00:29:51]} {[%emt 00:01:36]} Re7 {[%clk
00:12:11]} {[%emt 00:04:36]} 32. Kf2 {[%clk 00:20:31]} {[%emt 00:09:50]} Rae8
{[%clk 00:11:08]} {[%emt 00:01:33]} 33. Be4 {[%clk 00:20:27]} {[%emt 00:00:34]}
Rf8 {[%clk 00:09:57]} {[%emt 00:01:41]} 34. Ke3 {[%clk 00:11:33]} {[%emt
00:09:24]} Ref7 {[%clk 00:09:41]} {[%emt 00:00:47]} 35. Kd3 {[%clk 00:07:59]}
{[%emt 00:04:05]} h5 {[%clk 00:07:54]} {[%emt 00:02:16]} 36. Rh1 {[%clk
00:06:46]} {[%emt 00:01:43]} Kg7 {[%clk 00:06:40]} {[%emt 00:01:45]} 37. Rf2
{[%clk 00:06:48]} {[%emt 00:00:27]} Kh6 {[%clk 00:06:45]} {[%emt 00:00:25]} 38.
Rh3 {[%clk 00:06:27]} {[%emt 00:00:52]} Rf6 {[%clk 00:06:32]} {[%emt 00:00:43]}
39. Rf1 {[%clk 00:06:34]} {[%emt 00:00:23]} R8f7 {[%clk 00:04:59]} {[%emt
00:02:03]} 40. Kd4 {[%clk 00:05:56]} {[%emt 00:00:04]} 1/2-1/2

[Event "XLIV Memoriał Szachowy Ludwika Zamenhofa 2025, Grupa A"]
[Site "Białystok, Poland"]
[Date "2025.12.28"]
[Round "3.11"]
[White "Baum, Jonasz"]
[Black "Kaczmarek, Arkadiusz"]
[Result "1-0"]
[TimeControl "90'+30\""]
[WhiteElo "2446"]
[BlackElo "2062"]

1. c4 {[%clk 01:30:58]} {[%emt 00:00:02]} e6 {[%clk 01:30:45]} {[%emt
00:00:15]} 2. g3 {[%clk 01:31:22]} {[%emt 00:00:06]} d5 {[%clk 01:31:03]}
{[%emt 00:00:11]} 3. Bg2 {[%clk 01:31:48]} {[%emt 00:00:05]} dxc4 {[%clk
01:30:44]} {[%emt 00:00:49]} 4. Qa4+ {[%clk 01:31:19]} {[%emt 00:01:00]} Nd7
{[%clk 01:30:57]} {[%emt 00:00:15]} 5. Qxc4 {[%clk 01:30:57]} {[%emt 00:00:53]}
c5 {[%clk 01:30:37]} {[%emt 00:00:50]} 6. Nc3 {[%clk 01:22:43]} {[%emt
00:08:44]} Ngf6 {[%clk 01:30:46]} {[%emt 00:00:20]} 7. Nh3 {[%clk 01:22:35]}
{[%emt 00:00:39]} a6 {[%clk 01:28:13]} {[%emt 00:03:03]} 8. a4 {[%clk
01:19:17]} {[%emt 00:03:49]} b5 {[%clk 01:24:07]} {[%emt 00:04:35]} 9. Qf4
{[%clk 01:08:49]} {[%emt 00:10:58]} Rb8 {[%clk 01:15:18]} {[%emt 00:09:19]} 10.
Bc6 {[%clk 01:03:40]} {[%emt 00:05:39]} Bb7 {[%clk 01:15:08]} {[%emt 00:00:40]}
11. Bxb7 {[%clk 01:02:23]} {[%emt 00:01:48]} Rxb7 {[%clk 01:15:23]} {[%emt
00:00:14]} 12. d3 {[%clk 00:59:04]} {[%emt 00:03:50]} Rb8 {[%clk 01:09:22]}
{[%emt 00:06:30]} 13. O-O {[%clk 00:51:00]} {[%emt 00:08:33]} Be7 {[%clk
01:08:14]} {[%emt 00:01:38]} 14. Qf3 {[%clk 00:51:06]} {[%emt 00:00:25]} O-O
{[%clk 00:58:22]} {[%emt 00:10:22]} 15. Bf4 {[%clk 00:50:56]} {[%emt 00:00:41]}
e5 {[%clk 00:58:34]} {[%emt 00:00:17]} 16. Be3 {[%clk 00:49:55]} {[%emt
00:01:31]} h6 {[%clk 00:57:09]} {[%emt 00:01:55]} 17. Rfc1 {[%clk 00:47:36]}
{[%emt 00:02:50]} Qb6 {[%clk 00:54:24]} {[%emt 00:03:15]} 18. g4 {[%clk
00:39:43]} {[%emt 00:08:23]} Qe6 {[%clk 00:39:06]} {[%emt 00:15:46]} 19. axb5
{[%clk 00:36:38]} {[%emt 00:03:37]} axb5 {[%clk 00:39:21]} {[%emt 00:00:14]} 20.
g5 {[%clk 00:37:06]} {[%emt 00:00:03]} hxg5 {[%clk 00:38:29]} {[%emt 00:01:22]}
21. Nxg5 {[%clk 00:37:06]} {[%emt 00:00:30]} Qg4+ {[%clk 00:37:19]} {[%emt
00:01:39]} 22. Qxg4 {[%clk 00:34:55]} {[%emt 00:02:43]} Nxg4 {[%clk 00:37:45]}
{[%emt 00:00:02]} 23. Nd5 {[%clk 00:35:19]} {[%emt 00:00:07]} Bxg5 {[%clk
00:28:54]} {[%emt 00:09:22]} 24. Bxg5 {[%clk 00:35:47]} {[%emt 00:00:01]} Rb7
{[%clk 00:27:49]} {[%emt 00:01:34]} 25. Be7 {[%clk 00:29:01]} {[%emt 00:07:17]}
Rc8 {[%clk 00:27:03]} {[%emt 00:01:15]} 26. b4 {[%clk 00:29:08]} {[%emt
00:00:24]} c4 {[%clk 00:24:42]} {[%emt 00:02:50]} 27. dxc4 {[%clk 00:29:16]}
{[%emt 00:00:24]} Rxc4 {[%clk 00:10:33]} {[%emt 00:14:39]} 28. Rxc4 {[%clk
00:25:07]} {[%emt 00:04:40]} bxc4 {[%clk 00:11:00]} {[%emt 00:00:02]} 29. Rc1
{[%clk 00:25:28]} {[%emt 00:00:09]} f5 {[%clk 00:06:20]} {[%emt 00:05:09]} 30.
f3 {[%clk 00:19:35]} {[%emt 00:06:24]} Ngf6 {[%clk 00:04:46]} {[%emt 00:02:04]}
31. Bxf6 {[%clk 00:13:15]} {[%emt 00:06:50]} Nxf6 {[%clk 00:05:05]} {[%emt
00:00:11]} 32. Nxf6+ {[%clk 00:13:41]} {[%emt 00:00:04]} gxf6 {[%clk 00:05:23]}
{[%emt 00:00:12]} 33. Rxc4 {[%clk 00:14:10]} {[%emt 00:00:02]} Ra7 {[%clk
00:03:18]} {[%emt 00:02:35]} 34. Rc6 {[%clk 00:03:43]} {[%emt 00:10:56]} Kf7
{[%clk 00:03:21]} {[%emt 00:00:27]} 35. b5 {[%clk 00:04:09]} {[%emt 00:00:05]}
Ra1+ {[%clk 00:02:37]} {[%emt 00:01:13]} 36. Kf2 {[%clk 00:04:10]} {[%emt
00:00:28]} Rb1 {[%clk 00:02:54]} {[%emt 00:00:15]} 37. b6 {[%clk 00:04:35]}
{[%emt 00:00:05]} f4 {[%clk 00:02:49]} {[%emt 00:00:34]} 38. Rc7+ {[%clk
00:01:19]} {[%emt 00:03:47]} Kg6 {[%clk 00:03:06]} {[%emt 00:00:12]} 39. Rb7
{[%clk 00:01:22]} {[%emt 00:00:28]} Rh1 {[%clk 00:00:46]} {[%emt 00:02:49]} 40.
Rb8 {[%clk 00:01:00]} {[%emt 00:00:53]} Rxh2+ {[%clk 00:00:38]} {[%emt
00:00:37]} 41. Ke1 {[%clk 00:01:27]} {[%emt 00:00:04]} Kf5 {[%clk 00:00:33]}
{[%emt 00:00:35]} 42. Kd2 {[%clk 00:01:48]} {[%emt 00:00:09]} Rh1 {[%clk
00:00:34]} {[%emt 00:00:28]} 43. Kc2 {[%clk 00:01:55]} {[%emt 00:00:23]} Rh2
{[%clk 00:00:46]} {[%emt 00:00:19]} 44. b7 {[%clk 00:01:52]} {[%emt 00:00:32]}
Rh7 {[%clk 00:00:33]} {[%emt 00:00:43]} 45. Kc3 {[%clk 00:01:40]} {[%emt
00:00:42]} Rc7+ {[%clk 00:00:55]} {[%emt 00:00:07]} 46. Kd3 {[%clk 00:02:05]}
{[%emt 00:00:06]} Rd7+ {[%clk 00:01:15]} {[%emt 00:00:11]} 47. Kc4 {[%clk
00:02:29]} {[%emt 00:00:06]} Rc7+ {[%clk 00:00:34]} {[%emt 00:01:11]} 48. Kd5
{[%clk 00:02:53]} {[%emt 00:00:05]} Rd7+ {[%clk 00:00:32]} {[%emt 00:00:32]} 49.
Kc6 {[%clk 00:03:19]} {[%emt 00:00:05]} Rd2 {[%clk 00:00:41]} {[%emt 00:00:21]}
50. Rg8 {[%clk 00:03:28]} {[%emt 00:00:20]} Rc2+ {[%clk 00:01:05]} {[%emt
00:00:05]} 51. Kd6 {[%clk 00:03:51]} {[%emt 00:00:06]} Rd2+ {[%clk 00:01:19]}
{[%emt 00:00:18]} 52. Ke7 {[%clk 00:04:12]} {[%emt 00:00:07]} Rb2 {[%clk
00:01:39]} {[%emt 00:00:12]} 53. b8=Q {[%clk 00:04:38]} {[%emt 00:00:05]} 1-0

[Event "XLIV Memoriał Szachowy Ludwika Zamenhofa 2025, Grupa A"]
[Site "Białystok, Poland"]
[Date "2025.12.28"]
[Round "3.12"]
[White "Kozak, Antoni"]
[Black "Greicius, Pijus"]
[Result "1-0"]
[TimeControl "90'+30\""]
[WhiteElo "2426"]
[BlackElo "2170"]

1. c4 {[%clk 01:20:43]} {[%emt 00:10:05]} e6 {[%clk 01:30:56]} {[%emt
00:00:16]} 2. g3 {[%clk 01:18:40]} {[%emt 00:02:33]} d5 {[%clk 01:31:16]}
{[%emt 00:00:10]} 3. Bg2 {[%clk 01:19:02]} {[%emt 00:00:08]} Nf6 {[%clk
01:31:39]} {[%emt 00:00:07]} 4. d4 {[%clk 01:18:53]} {[%emt 00:00:39]} Be7
{[%clk 01:29:10]} {[%emt 00:02:58]} 5. Nf3 {[%clk 01:19:07]} {[%emt 00:00:16]}
O-O {[%clk 01:29:33]} {[%emt 00:00:08]} 6. O-O {[%clk 01:19:09]} {[%emt
00:00:28]} c6 {[%clk 01:29:29]} {[%emt 00:00:34]} 7. Nc3 {[%clk 01:19:09]}
{[%emt 00:00:29]} b6 {[%clk 01:26:22]} {[%emt 00:03:39]} 8. Ne5 {[%clk
01:14:57]} {[%emt 00:04:41]} Bb7 {[%clk 01:23:28]} {[%emt 00:03:24]} 9. e4
{[%clk 01:12:16]} {[%emt 00:03:10]} dxc4 {[%clk 01:10:30]} {[%emt 00:13:29]} 10.
Nxc4 {[%clk 01:10:53]} {[%emt 00:01:53]} Ba6 {[%clk 00:59:21]} {[%emt
00:11:39]} 11. b3 {[%clk 01:10:43]} {[%emt 00:00:39]} b5 {[%clk 00:48:45]}
{[%emt 00:11:07]} 12. Ne5 {[%clk 01:08:04]} {[%emt 00:03:09]} c5 {[%clk
00:34:08]} {[%emt 00:15:07]} 13. d5 {[%clk 00:56:21]} {[%emt 00:12:13]} exd5
{[%clk 00:30:44]} {[%emt 00:03:54]} 14. Nxd5 {[%clk 00:45:34]} {[%emt
00:11:17]} Nxd5 {[%clk 00:27:05]} {[%emt 00:04:09]} 15. exd5 {[%clk 00:45:56]}
{[%emt 00:00:08]} Bd6 {[%clk 00:27:18]} {[%emt 00:00:17]} 16. Bb2 {[%clk
00:44:03]} {[%emt 00:02:23]} Qc7 {[%clk 00:11:21]} {[%emt 00:16:27]} 17. Qh5
{[%clk 00:41:07]} {[%emt 00:03:27]} g6 {[%clk 00:03:22]} {[%emt 00:08:28]} 18.
Ng4 {[%clk 00:39:59]} {[%emt 00:01:38]} f6 {[%clk 00:02:07]} {[%emt 00:01:45]}
19. Bxf6 {[%clk 00:37:05]} {[%emt 00:03:23]} Rxf6 {[%clk 00:02:32]} {[%emt
00:00:06]} 20. Nxf6+ {[%clk 00:37:32]} {[%emt 00:00:03]} Kf7 {[%clk 00:02:56]}
{[%emt 00:00:06]} 21. Qf3 {[%clk 00:36:35]} {[%emt 00:01:27]} 1-0